Statistics for Top 10 English PL scorers

Click here to take the quiz!

General Stats

  • This quiz has been taken 21 times
  • The average score is 8 of 10

Answer Stats

HintAnswer% Correct
197Rooney
100%
260Shearer
90%
177Lampard
86%
120Gerrard
86%
187Cole
81%
150Owen
81%
146Sheringham
67%
163Fowler
62%
149Ferdinand
62%
157Defoe
38%

Score Distribution

Percentile by Number Answered

Percent of People with Each Score

Your Score History

You have not taken this quiz